书目信息 |
| 题名: |
有机人名反应机理新解
|
|
| 作者: | 陈荣业 , 张福利 著 | |
| 分册: | ||
| 出版信息: | 北京 化学工业出版社 2020.10 |
|
| 页数: | XII, 336页 | |
| 开本: | 24cm | |
| 丛书名: | ||
| 单 册: | ||
| 中图分类: | O621.25 | |
| 科图分类: | ||
| 主题词: | 有机化学--you ji hua xue--化学反应 | |
| 电子资源: | ||
| ISBN: | 978-7-122-36782-2 | |
| 000 | 01037nam0 2200265 450 | |
| 001 | CAL 004022487 | |
| 005 | 20230217093112.0 | |
| 010 | @a978-7-122-36782-2@dCNY128.00 | |
| 100 | @a20201022d2020 em y0chiy0120 ea | |
| 101 | 0 | @achi |
| 102 | @aCN@b110000 | |
| 105 | @ay a 000yy | |
| 106 | @ar | |
| 200 | 1 | @a有机人名反应机理新解@Ayou ji ren ming fan ying ji li xin jie@f陈荣业, 张福利著 |
| 210 | @a北京@c化学工业出版社@d2020.10 | |
| 215 | @aXII, 336页@d24cm | |
| 314 | @a陈荣业, 教授级高级工程师。张福利, 博士生导师, 研究员。 | |
| 320 | @a有书目 | |
| 330 | @a本书详述了157个有机人名反应, 对文献中的反应机理进行了再讨论、再解析, 旨在使机理解析理论更完善、更规范、更准确, 将反应过程细化至每一个基元反应, 解析各个基元反应的原理与规律, 这种过程与原理的对应, 加之规范的电子转移标注, 便于读者理解和把握。 | |
| 606 | 0 | @a有机化学@Ayou ji hua xue@x化学反应 |
| 690 | @aO621.25@v5 | |
| 701 | 0 | @a陈荣业@Achen rong ye@4著 |
| 701 | 0 | @a张福利@Azhang fu li@4著 |
| 801 | 0 | @aCN@bBJXHZP@c20230222 |
| 905 | @b1378414-7@dO621.25@e121@f4 | |
| 有机人名反应机理新解/陈荣业, 张福利著.-北京:化学工业出版社,2020.10 |
| XII, 336页;24cm |
| ISBN 978-7-122-36782-2:CNY128.00 |
| 本书详述了157个有机人名反应, 对文献中的反应机理进行了再讨论、再解析, 旨在使机理解析理论更完善、更规范、更准确, 将反应过程细化至每一个基元反应, 解析各个基元反应的原理与规律, 这种过程与原理的对应, 加之规范的电子转移标注, 便于读者理解和把握。 |
| ● |
| 相关链接 |
|
|
|
|
正题名:有机人名反应机理新解
索取号:O621.25/121
 
预约/预借
| 序号 | 登录号 | 条形码 | 馆藏地/架位号 | 状态 | 备注 |
| 1 | 1378414 | 213784145 | 第二样本阅览室/ [索取号:O621.25/121] | 在馆 | |
| 2 | 1378415 | 213784154 | 第三借阅区/ [索取号:O621.25/121] | 在馆 | |
| 3 | 1378416 | 213784163 | 第三借阅区/ [索取号:O621.25/121] | 在馆 | |
| 4 | 1378417 | 213784172 | 第三借阅区/ [索取号:O621.25/121] | 在馆 |